000 00639nam a2200217Ii 4500
001 16850
003 CO-ViMGA
008 241108s9999||||xx |||||||||||||| ||und||
020 _a9589755763
040 _aCO-ViMGA
_bspa
_erda
_cCO-ViMGA
041 0 _aspa
082 0 4 _a573.3 I54c
100 1 _aIlín, M.
_948015
245 1 0 _aCómo el hombre llagó a ser gigante
264 1 _aBogotá, Colombia : Skla, [Fecha de publicación no identificada]
300 _avolumen
336 _atext
_btxt
_2rdacontent
337 _aunmediated
_bn
_2rdamedia
338 _avolume
_bnc
_2rdacarrier
940 _aidficha_siabuc: 16519. -- ficha_no_siabuc:16850
999 _c42652
_d42652